Real estate market valuation and analysis

Bibliographic Details
Main Authors: Kahr, Joshua (Author), Thomsett, Michael C. (Author)
Format: Book
Language:English
Published: New Jersey : John Wiley & Sons 2005
Subjects:

MARC

LEADER 00000cam a2200000 7i4500
001 0000017147
005 20241029.0
008 061106 nju eng
020 |a 9780471655268 (hbk) 
040 |a INS   |b eng   |e rda 
090 0 0 |a HD1387   |b .K3135 2005 
100 1 |a Kahr, Joshua ,   |e author 
245 1 0 |a Real estate market valuation and analysis   |c Joshua Kahr and Michael C. Thomsett 
264 1 |a New Jersey :   |b John Wiley & Sons   |c 2005 
300 |a ix, 245 pages ;   |c 23 cm. 
336 |a text  |2 rdacontent 
337 |a unmediated  |2 rdamedia 
338 |a volume  |2 rdacarrier 
504 |a Includes bibliographical references and index 
650 0 |a Real estate investment 
650 0 |a Real property   |x Valuation 
700 1 |a Thomsett, Michael C. ,   |e author 
999 |a 0000017301   |b BOOK   |c Open Shelf   |e Default branch 
999 |a 0000020378   |b BOOK   |c Open Shelf   |e Default branch 
999 |a 1000000488   |b BOOK   |c Open Shelf   |e Default branch 
999 |a 1000004745   |b BOOK   |c Open Shelf   |e Default branch